| 000 | 00746nam a2200253 i 4500 | ||
|---|---|---|---|
| 001 | bg | ||
| 100 | 1 | _aLEDA, Henryk | |
| 245 | 1 | 0 |
_aKompozyty polimerowe z włóknami ciągłymi : _bwytwarzanie, właściwości, stosowanie / _cHenryk Leda. |
| 260 |
_aPoznań : _bWydawnictwo Politechniki Poznańskiej, _c2006. |
||
| 300 |
_a280 s. : _bil. ; _c25 cm. |
||
| 504 | _aBibliogr. przy rozdz. Indeks. | ||
| 650 | 9 | _aKompozyty | |
| 650 | 9 | _aPolimery | |
| 650 | 9 | _aWłókna sztuczne | |
| 655 | _aPodręczniki akademickie | ||
| 015 | _aPB 5145/2006 | ||
| 020 | _a8371433530 | ||
| 040 | _cBPK | ||
| 041 | 0 | _apol | |
| 080 | _a678.7:620.2:677.494](075.8) | ||
| 920 | _a83-7143-353-0 | ||
| 942 | _cKS | ||
| 008 | s pl f |000 0 pol | ||
| 999 |
_c51872 _d51872 |
||
| 856 |
_uhttp://koha.tu.koszalin.pl/cgi-bin/koha/opac-detail.pl?biblionumber=51872 _yKatalog online BPK |
||